Rolling Out New Products Across International Markets : (Record no. 594248)

MARC details
000 -LEADER
fixed length control field 00518nam a2200193 a 4500
008 - FIXED-LENGTH DATA ELEMENTS--GENERAL INFORMATION
fixed length control field 251027s2003##################000#0#eng##
020 ## - INTERNATIONAL STANDARD BOOK NUMBER
ISBN 9780333794647
082 04 - DEWEY DECIMAL CLASSIFICATION NUMBER
Classification number 658.848
Item number CHR
100 1# - MAIN ENTRY--AUTHOR NAME
Personal name Chryssochoidis, G.,
245 10 - TITLE STATEMENT
Title Rolling Out New Products Across International Markets :
260 ## - PUBLICATION, DISTRIBUTION, ETC. (IMPRINT)
Name of publisher Palgrave Macmillan,
Year of publication 2003.
300 ## - PHYSICAL DESCRIPTION
Number of Pages 249 pages
650 #0 - SUBJECT ADDED ENTRY--TOPICAL TERM
Topical Term Business & Economics.
942 ## - ADDED ENTRY ELEMENTS (KOHA)
Koha item type English Books
Holdings
Withdrawn status Lost status Damaged status Not for loan Home library Current library Shelving location Date acquired Full call number Accession Number Price effective from Koha item type
        Anna Centenary Library Anna Centenary Library 6TH FLOOR, B WING 27.10.2025 658.848 CHR 320455 27.10.2025 English Books

Find us on the map